Systém na otváranie dverí pomocou čipových kariet

Saved in:
Bibliographic Details
Main Author: Kytka, Miroslav (Author)
Other Authors: Antal, Eugen (Thesis advisor)
Format: Manuscript Book
Language:Slovak
Published: 2018
Subjects:
Online Access:http://is.stuba.sk/zp/portal_zp.pl?podrobnosti=127400
Tags: Add Tag
No Tags, Be the first to tag this record!

MARC

LEADER 00000ntm a22000003a 4500
001 stuzp60371
003 SK-STU
005 20181207094215.8
007 ta
008 150427s2015----xo-----f-mn---000-0-slo-d
040 |a STU  |b slo 
041 0 |a slo 
044 |a xo 
100 1 |a Kytka, Miroslav  |u 035000  |4 aut  |U FEI Fakulta elektrotechniky a informatiky  |T FEI Ústav informatiky a matematiky  |X 53516  |U E050  |Y 816  |7 53516 
242 0 1 |a Access management system using RFID cards  |y eng 
245 1 0 |a Systém na otváranie dverí pomocou čipových kariet 
260 |c 2018 
300 |a 41 s., príl., DVD 
650 4 |a Manager  |2 eng 
650 4 |a RFID  |2 eng 
650 4 |a Omega2  |2 eng 
650 4 |a Manažér  |2 slo 
650 4 |a RFID  |2 slo 
650 4 |a Omega2  |2 slo 
700 1 |a Antal, Eugen  |u 035000  |k Z1  |4 ths  |U FEI Fakulta elektrotechniky a informatiky  |T FEI Ústav informatiky a matematiky  |X 36087  |U E050  |Y 816  |7 A000036087 
856 4 |u http://is.stuba.sk/zp/portal_zp.pl?podrobnosti=127400 
996 |b 284EP12044  |c E*DIPL- 12044  |l EE35  |s P  |a 0  |w stuzp60371_0001